أساسيات الإدارة المالية / (رقم التسجيلة. 29851)

تفاصيل مارك
000 -الفاتح
حقل البيانات ثابتة الطول 00661nam a22001937a 4500
003 - محدد رقم الضبط
رقم الضبط OSt
005 - وقت وتاريخ اخر تعامل مع التسجيلة
رقم الضبط 20150408114132.0
008 - عناصر البيانات ثابتة الطول - معلومات عامة
حقل البيانات ثابتة الطول 130131s 2013jo ||||g |||| 00| 0 are d
040 ## - مصدر الفهرسة
وكالة الفهرسة الأصلية Ma-un
082 ## - رقم تصنيف ديوى العشرى
رقم الطبعة 21
رقم التصنيف 658.15
رقم المادة ا ع أ
100 ## - المدخل الرئيسى - إسم شخصى
الإسم الشخصى أرشيد، عبد المعطي رضا.
9 (RLIN) 20298
245 ## - بيان العنوان
العنوان أساسيات الإدارة المالية /
بيان المسئوليه,etc عبد المعطي أرشيد، حسني علي خربوش.
250 ## - بيان الطبعة
بيان الطبعة ط. 1.
260 ## - PUBLICATION, DISTRIBUTION, ETC. (IMPRINT)
مكان الناشر او الموزع عمان، الاردن :
اسم الناشر او الموزع دار زهران،
تاريخ النشر أو التوزيع 2013.
300 ## - الوصف المادى
التعداد 302 ص. :
تفاصيل ماديه اخرى للوعاء ايض. ؛
أبعاد الوعاء 24 سم.
650 ## - المدخل الاضافى بالموضوع-مصطلح موضوعى
9 (RLIN) 2729
مصطلح موضوعي أو اسم جغرافي كعنصر مدخل الإدارة العامة
650 ## - المدخل الاضافى بالموضوع-مصطلح موضوعى
9 (RLIN) 88
مصطلح موضوعي أو اسم جغرافي كعنصر مدخل ادارة اعمال
942 ## - عناصر المدخل الإضافي( كوها)
مصدر التصنيف او مخطط الترفيف Dewey Decimal Classification
Koha [default] item type كتاب
المقتنيات
حالة الفقد نموذج السعر الفعال حالة تلف ليس للاعارة رقم الطلب رقم النسخة تاريخ الاكتساب الموقع الحالي الباركود الفرع الرئيسي Date last seen نوع المادة فى نظام كوها مصدر التصنيف او خطة الترفيف Total Checkouts Total Renewals Date last checked out
  2013-04-25   Not For Loan 658.15 ا ع أ 1 2013-04-25 المكتبة المركزية بالمجمعة (CL) 00306682 المكتبة المركزية بالمجمعة (CL) 2013-04-25 كتاب Dewey Decimal Classification      
  2013-04-25     658.15 ا ع أ 2 2013-04-25 المكتبة المركزية بالمجمعة (CL) 00306683 المكتبة المركزية بالمجمعة (CL) 2013-04-25 كتاب Dewey Decimal Classification      
  2013-04-25     658.15 ا ع أ 3 2013-04-25 المكتبة المركزية بالمجمعة (CL) 00306684 المكتبة المركزية بالمجمعة (CL) 2013-04-25 كتاب Dewey Decimal Classification      
  2013-04-25   Not For Loan 658.15 ا ع أ 1 2013-04-25 مكتبة كلية العلوم و الدراسات الإنسانية برماح - طالبات (SRF) 00306676 مكتبة كلية العلوم و الدراسات الإنسانية برماح - طالبات (SRF) 2013-04-25 كتاب Dewey Decimal Classification      
  2013-04-25     658.15 ا ع أ 2 2013-04-25 مكتبة كلية العلوم و الدراسات الإنسانية برماح - طالبات (SRF) 00306677 مكتبة كلية العلوم و الدراسات الإنسانية برماح - طالبات (SRF) 2019-11-03 كتاب Dewey Decimal Classification 2   2019-09-16
  2013-04-25     658.15 ا ع أ 3 2013-04-25 مكتبة كلية العلوم و الدراسات الإنسانية برماح - طالبات (SRF) 00306678 مكتبة كلية العلوم و الدراسات الإنسانية برماح - طالبات (SRF) 2013-04-25 كتاب Dewey Decimal Classification      
  2013-04-25   Not For Loan 658.15 ا ع أ 1 2013-04-25 مكتبة كلية العلوم و الدراسات الإنسانية برماح - طلاب (SRM) 00306679 مكتبة كلية العلوم و الدراسات الإنسانية برماح - طلاب (SRM) 2013-04-25 كتاب Dewey Decimal Classification      
  2013-04-25     658.15 ا ع أ 2 2013-04-25 مكتبة كلية العلوم و الدراسات الإنسانية برماح - طلاب (SRM) 00306680 مكتبة كلية العلوم و الدراسات الإنسانية برماح - طلاب (SRM) 2013-04-25 كتاب Dewey Decimal Classification      
  2013-04-25     658.15 ا ع أ 3 2013-04-25 مكتبة كلية العلوم و الدراسات الإنسانية برماح - طلاب (SRM) 00306681 مكتبة كلية العلوم و الدراسات الإنسانية برماح - طلاب (SRM) 2022-01-18 كتاب Dewey Decimal Classification 1 1 2021-05-04